| 000 | 00766nam a2200229Ia 4500 | ||
|---|---|---|---|
| 005 | 20220211105520.0 | ||
| 008 | 210716s2009 xx 000 0 und d | ||
| 020 | _a8183184170 | ||
| 040 | _cAIMIT LIBRARY | ||
| 041 | _aeng | ||
| 082 |
_a519.5 _26 _bGUPS |
||
| 100 |
_aGupta, S C. _919044 |
||
| 245 |
_aFundamentals of statistics / _cBy Gupta, S C ; edited by Indra Gupta. |
||
| 250 |
_a6th ed. _bSixth revised and enlarged edition |
||
| 260 |
_aNew Delhi : _bHimalaya Publishing House , _c2009. |
||
| 300 |
_a25.52,T-16,I-6 _c25 cm. |
||
| 650 |
_aDiagrammatic and graphic representation _919045 |
||
| 650 |
_aSkewness and kuriosis _919207 |
||
| 650 |
_aTheory of prabability _919208 |
||
| 700 |
_aGupta, Indra; ed. _919046 |
||
| 942 |
_2ddc _cBK _e6th _k519.5 GUPS |
||
| 999 |
_c188954 _d188954 |
||